| 000 | 01311cam a22003617a 4500 | ||
|---|---|---|---|
| 003 | CHAP | ||
| 005 | 20220329132933.0 | ||
| 008 | 971013s1988 r 00010 d | ||
| 010 | _a420 | ||
| 011 | _a1392 | ||
| 035 | _a568 | ||
| 040 | _cCHAP | ||
| 082 | 0 | 4 |
_a632 _bS24 1988 |
| 100 | 0 | 0 |
_aSchaad, N. W. _9102877 |
| 245 | 1 | 0 | _aLaboratory guide for identification of plant pathogenic bacteria |
| 250 | _a2 ed. | ||
| 260 |
_aSt. Paul, Minn. : _bAmerican Phytopathological Society, _c1988 |
||
| 300 |
_a158 p. _b: ilus. |
||
| 590 |
_aBATCH-UPD _b10 _c20130109 _lUCH01 _h2337 |
||
| 590 |
_aBATCH-UPD _b10 _c20130110 _lUCH01 _h1708 |
||
| 590 |
_aBATCH-UPD _b10 _c20130409 _lUCH01 _h1904 |
||
| 590 |
_aBATCH-UPD _b10 _c20130410 _lUCH01 _h1054 |
||
| 590 |
_aBATCH-UPD _b10 _c20130914 _lUCH01 _h0517 |
||
| 590 |
_aCONVERSION _b10 _c20130109 _lUCH01 _h1302 |
||
| 650 | 1 | 4 |
_aBacterias fitopatógenas. _99326 |
| 650 | 1 | 4 |
_aBacteriología _xClasificación. _99331 |
| 650 | 1 | 4 |
_aFitopatología. _941161 |
| 901 | _aBK | ||
| 942 | _cLIBRO | ||
| 949 |
_a632 S24 1988 _bBC _cLIBRO _d33724000175519 _eLIBRO _fc.2 _gI.153112 _h80172 _i568 _si _t107.72 |
||
| 949 |
_a632 S24 1988 _bBC _cLIBRO _d33724000175527 _eLIBRO _gI.148603 _h76893 _i568 _si _t118.90 |
||
| 949 |
_a632 S24 1988 _bBC _cLIBRO _d33724000754982 _eLIBRO _fc.3 _gI.179878 _h88380 _i568 _si _t267.00 |
||
| 999 |
_c420 _d420 |
||